| 000 | 01495nam a2200397 a 4500 | ||
|---|---|---|---|
| 001 | 20201 | ||
| 003 | VRT | ||
| 005 | 20260119120803.0 | ||
| 008 | 250414s1993 xo slo | ||
| 015 | _aSNBA1993/12 | ||
| 020 | _a8071180890 | ||
| 035 | _aSNK000016221 | ||
| 035 | _aurn:nbn:sk:snk-amlimj | ||
| 035 | _aurn:nbn:sk:snk-am00bmx4 | ||
| 035 | _aB1D15341-AFE9-49D7-AFC1-F6197E8F2951 | ||
| 039 | 9 |
_a202504141244 _bVLOAD _c202406071356 _dAUTHORITY _c202406071353 _dAUTHORITY _c202403181448 _dVLOAD |
|
| 040 |
_aSNK _bslo _cSNK _eAACR2 |
||
| 041 | 0 | _aslo | |
| 044 |
_axo _cSK |
||
| 080 |
_a646.7(035) _21981 |
||
| 100 | 1 |
_aRüdiger, Margit _4aut |
|
| 245 | 1 | 0 |
_aPerfektný make-up _bRady odborníkov pre každý typ _cMargit Rüdiger ; Prel. Žofia Murgašová ; Graf. upr. Viera Fabianová |
| 250 | _a[1. vyd.] | ||
| 260 |
_aBratislava _bIkar _c1993 _eBanská Bystrica _fTlačiarne BB, spol. s r.o. |
||
| 300 |
_a127 s., 3,34 AH, 3,60 VH _bFotogr., reg. _c26 cm |
||
| 500 | _aIlustr. na tit. liste a front. | ||
| 500 | _aAut. fotogr. kol. | ||
| 700 | 1 |
_aMurgašová, Žofia _4trl |
|
| 700 | 1 |
_aFabianová, Viera _4ill |
|
| 942 |
_2ddc _cOLDO _n0 |
||
| 949 |
_617A0040326 _9P60, <04>, [BOOK], {604} _asnkSB 51737 D1 |
||
| 949 |
_617A0904647 _asnkSB 51737 _s6100:20160606 |
||
| 949 |
_6273K0230282 _asvkpoC 28421 _bsvkpo397288 _oPV 634/94Poškodená väzba _qPoškodená väzba _rPoškodená väzba |
||
| 999 |
_c20201 _d20201 |
||